National Justice Agency List, 1987

The National Justice Agency List, 1987 is a master name and address file created and maintained by the Bureau of the Census for the Bureau of Justice Statistics. The file contains information for the following topics: public defenders, law enforcement, courts, probation enforcement, probation and pa...

Descripción completa

Guardado en:  
Detalles Bibliográficos
Autor Corporativo: United States Department of Justice. Office of Justice Programs. Bureau of Justice Statistics. VerfasserIn (Autor)
Tipo de documento: Electrónico Research Data
Lenguaje:Inglés
Publicado: [Erscheinungsort nicht ermittelbar] [Verlag nicht ermittelbar] 1991
En:Año: 1991
Acceso en línea: Volltext (kostenfrei)
Verificar disponibilidad: HBZ Gateway
Palabras clave:

MARC

LEADER 00000cam a22000002c 4500
001 1840066490
003 DE-627
005 20250628214323.0
007 cr uuu---uuuuu
008 230324s1991 xx |||||o 00| ||eng c
024 7 |a 10.3886/ICPSR09482.v1  |2 doi 
035 |a (DE-627)1840066490 
035 |a (DE-599)KXP1840066490 
040 |a DE-627  |b ger  |c DE-627  |e rda 
041 |a eng 
084 |a 2,1  |2 ssgn 
110 2 |a United States Department of Justice. Office of Justice Programs. Bureau of Justice Statistics  |e VerfasserIn  |4 aut 
245 1 0 |a National Justice Agency List, 1987 
264 1 |a [Erscheinungsort nicht ermittelbar]  |b [Verlag nicht ermittelbar]  |c 1991 
336 |a Text  |b txt  |2 rdacontent 
337 |a Computermedien  |b c  |2 rdamedia 
338 |a Online-Ressource  |b cr  |2 rdacarrier 
520 |a The National Justice Agency List, 1987 is a master name and address file created and maintained by the Bureau of the Census for the Bureau of Justice Statistics. The file contains information for the following topics: public defenders, law enforcement, courts, probation enforcement, probation and parole, juvenile corrections, local adult corrections, state adult corrections, federal adult corrections, and other justice agencies. Variables include name of the agency, address, state and region identification, telephone number, FIPS code, population, total workload, and number of professional and total employees. 
540 |a ICPSR Terms of Use 
650 4 |a census data 
650 4 |a government agencies 
650 4 |a law enforcement agencies 
650 4 |a Local Government 
650 4 |a state government 
655 7 |a Forschungsdaten  |0 (DE-588)1098579690  |0 (DE-627)857755366  |0 (DE-576)469182156  |2 gnd-content 
787 0 8 |i Forschungsdaten zu  |a Bureau of Justice Statistics  |t Justice Agencies in the United States, Summary Report 1980  |d [Erscheinungsort nicht ermittelbar] : United States Department of Justice, Bureau of Justice Statistics, 1980  |w (DE-627)1912602008 
856 4 0 |u https://doi.org/10.3886/ICPSR09482.v1  |x Resolving-System  |z kostenfrei  |3 Volltext  |7 0 
935 |a mkri 
951 |a BO 
ELC |a 1 
LOK |0 000 xxxxxcx a22 zn 4500 
LOK |0 001 429681432X 
LOK |0 003 DE-627 
LOK |0 004 1840066490 
LOK |0 005 20230324125336 
LOK |0 008 230324||||||||||||||||ger||||||| 
LOK |0 035   |a (DE-2619)ICPSR9482 
LOK |0 040   |a DE-2619  |c DE-627  |d DE-2619 
LOK |0 092   |o n 
LOK |0 852   |a DE-2619 
LOK |0 852 1  |9 00 
LOK |0 935   |a foda  |a nacj 
LOK |0 939   |a 24-03-23  |b l01 
OAS |a 1 
ORI |a SA-MARC-krimdoka001.raw